Biblioteca de Ciencias Agroalimentarias de la Universidad de Costa Rica UCAGRO
Guardado en:
| Hovedforfatter: | |
|---|---|
| Andre forfattere: | |
| Format: | Ukendt |
| Sprog: | Spanish |
| Udgivet: |
[San José , Costa Rica]
2011
|
| Fag: | |
| Tags: |
Tilføj Tag
Ingen Tags, Vær først til at tagge denne postø!
|
MARC
| LEADER | 00000 a2200000 4500 | ||
|---|---|---|---|
| 003 | EA0006 | ||
| 005 | 20230208144223.0 | ||
| 008 | 140114s2011 cr a 000 ||spa d | ||
| 040 | |c cru CEDI | ||
| 090 | |a TFG EA-006 | ||
| 100 | |a Swett Salazar, Joanne |9 19913 | ||
| 245 | |a Biblioteca de Ciencias Agroalimentarias de la Universidad de Costa Rica UCAGRO | ||
| 260 | |a [San José , Costa Rica] |c 2011 | ||
| 500 | |a Proyecto de graduación (licenciatura en arquitectura)--Universidad de Costa Rica. Escuela de Arquitectura | ||
| 501 | |a Director de Proyecto de Graduación: Omar Chavarría Abarca | ||
| 650 | |x ARQUITECTURA DE BIBLIOTECAS |x EDIFICIOS DE BIBLIOTECAS |9 19914 | ||
| 700 | |9 68 |a Chavarría Abarca, Omar Eliecer., 1969- |d Director del TFG | ||
| 942 | |c CEDI |2 ddc | ||
| 999 | |c 12955 |d 12955 | ||
